Estudios sobre criminalidad económica
Guardat en:
| Autor principal: | |
|---|---|
| Format: | Llibre |
| Idioma: | espanyol |
| Publicat: |
Barcelona
Bosch
1978
|
| Edició: | 1a. ed |
| Matèries: | |
| Etiquetes: |
Afegir etiqueta
Sense etiquetes, Sigues el primer a etiquetar aquest registre!
|
MARC
| LEADER | 00000cam a2200000 a 4500 | ||
|---|---|---|---|
| 001 | UCC4854 | ||
| 003 | CL-VaPUC | ||
| 008 | 180831e19780000sp |||||||||||||||||spa|d | ||
| 020 | |a 8471627280 | ||
| 082 | 0 | 4 | |a 364.168 |b FER |2 21 |
| 100 | 0 | |a Fernández Albor, Agustín |e author |9 599057 | |
| 245 | 1 | 0 | |a Estudios sobre criminalidad económica |
| 250 | |a 1a. ed | ||
| 300 | |a 138 p | ||
| 942 | |c BK | ||
| 945 | |d 20180831 12:04:00 |a dcastane | ||
| 260 | |a Barcelona |b Bosch |c 1978 | ||
| 650 | 0 | |a Delitos económicos |9 255899 | |
| 650 | 0 | |a Criminología |9 256168 | |
| 650 | 7 | |a PODER ECONOMICO |2 CL-VaPUC |9 338221 | |
| 583 | |a last modification |c 20180831 12:04:00 |k Rodrigo Vera | ||
| 999 | |c 372239 |d 372237 | ||
| 952 | |0 0 |1 0 |3 erb |4 0 |6 364_168000000000000_FER_1978 |7 0 |8 A |9 489563 |a BIBDER |b BIBDER |e Mateluna Arestizabal, Alfredo Sergio |i 5489830 |o 364.168 FER 1978 |p 5489830 |r 2023-01-25 |w 2019-11-24 |y BK |z Catalogado en:20180831 |k DER | ||